000 01041nam0a22002411 4500
001 rc\305477
005 20250621030817.0
035 _a(NLR Aleph) 005540999
090 _a5710184
_c5710184
100 _a20030307d1990 |||y0rusy50 ca
101 0 _arus
102 _aRU
105 _aa |||||||||
200 1 _aСредства и системы управления в технике и технологии
_eМежвуз. сб. науч. тр.
_fГос. ком. РСФСР по делам науки и высш. шк. Новочеркас. политехн. ин-т им. Серго Орджоникидзе
_g[Редкол.: гл. ред. д. т. н., проф. В.А. Петраков и др.]
210 _aНовочеркасск
_cНовочеркас. политехн. ин-т
_d1990
215 _a134 с.
_cил.
_d20
320 _aБиблиогр. в конце ст.
333 _aДСП. Экз. № 00002
801 0 _aRU
_bNLR
_gpsbo
801 1 _aRU
_bELAR
_2rusmarc
852 _aNLR
_j91-50К/1739
942 _cBOOK
980 _aNB